Catálogo

EL CONOCIMIENTO ORDINARIO : (Registro nro. 10342)

Detalles MARC
000 -LEADER
fixed length control field 00587nam a2200205 a 4500
001 - CONTROL NUMBER
control field 10342
005 - DATE AND TIME OF LATEST TRANSACTION
control field 20180713194415.0
008 - FIXED-LENGTH DATA ELEMENTS--GENERAL INFORMATION
fixed length control field 140415s1993 mx 000 0 spa d
020 ## - INTERNATIONAL STANDARD BOOK NUMBER
International Standard Book Number 9681640292
041 ## - LANGUAGE CODE
Language code of text/sound track or separate title spa
082 ## - DEWEY DECIMAL CLASSIFICATION NUMBER
Classification number 301.01
Item number MAF
100 1# - MAIN ENTRY--PERSONAL NAME
Personal name MAFFESOLI, MICHEL
245 13 - TITLE STATEMENT
Title EL CONOCIMIENTO ORDINARIO :
Remainder of title COMPENDIO DE SOCIOLOGIA
250 ## - EDITION STATEMENT
Edition statement 1a ed.
260 ## - PUBLICATION, DISTRIBUTION, ETC.
Place of publication, distribution, etc. MEXICO :
Name of publisher, distributor, etc. FONDO DE CULTURA ECONOMICA,
Date of publication, distribution, etc. 1993
300 ## - PHYSICAL DESCRIPTION
Extent 216
Dimensions 13.6 x 1.3 x 21
490 ## - SERIES STATEMENT
Series statement SECCION DE OBRAS DE SOCIOLOGIA
650 14 - SUBJECT ADDED ENTRY--TOPICAL TERM
Topical term or geographic name entry element SOCIOLOGIA
700 1# - ADDED ENTRY--PERSONAL NAME
Personal name CORDOBA, MERCEDES
Relator term tr.
Existencias
Withdrawn status Lost status Source of classification or shelving scheme Damaged status Not for loan Collection code Home library Current library Shelving location Date acquired Source of acquisition Inventory number Total Checkouts Full call number Barcode Date last seen Date last checked out Price effective from Koha item type
    Dewey Decimal Classification     General Biblioteca Karol Wojtyla Biblioteca Karol Wojtyla Sala general 03/12/2013 Compra 151000000000000000057877   301.01 MAF 25180 05/01/2026 27/01/2017 03/12/2013 Libro
    Dewey Decimal Classification     General Biblioteca Karol Wojtyla Biblioteca Karol Wojtyla Sala general 03/12/2013 Compra 151000000000000000057878   301.01 MAF 25181 05/01/2026   03/12/2013 Libro